00971nam a2200241 a 4500001001000000003000900010005001700019008004100036040002500077082002600102245004600128250001100174260003900185300003600224590002600260650002800286650003100314910003700345942001400382952018600396952013000582999001700712000034241DO-SdBNP20240412074257.0091001s1993 dr ac 000 p spa d aDO-SdBNPbspacBNPHU aRD861.44bB171c, 199310aLa cruz de cristal /cJoaquín Balaguer. a2a ed. aSanto Domingo :bCorripio ,c1993. a279 p. :bil., retrs. ;c26 cm. aInventariado, 2018/LP14aPoesía dominicana96610aLiteratura dominicana.967 aValidado. Control de calidad MFF 2ddccLBS1 0010718PDaPDbPDcHDd2011-09-28iLF1l0oRD861.44 B171c, 1993p34241-10r2020-06-25w2020-06-25yLFPDzPerteneció a la biblioteca personal de German Emilio OrnesZNo se presta 0010718PDaPDbPDcHDd2018-08-20iLF1l0oRD861.44 B171c, 1993p34241-20r2020-06-25te. 2w2020-06-25yLFPDZNo se presta c33732d33732